Criterios sobre la enseñanza en materia de población
Shranjeno v:
| Korporativna značnica: | |
|---|---|
| Format: | Texto |
| Izdano: |
San José:
PROLAP. CELADE
|
| Oznake: |
Označite
Brez oznak, prvi označite!
|
MARC
| LEADER | 00000 a a2200000 04500 | ||
|---|---|---|---|
| 001 | 21852 | ||
| 003 | |||
| 040 | |||
| 090 | |a 025600 | ||
| 110 | |a Universidad de La Habana. Centro de Estudios Demográficos | ||
| 245 | |a Criterios sobre la enseñanza en materia de población | ||
| 260 | |a San José: |b PROLAP. CELADE | ||
| 300 | |a 27 p. | ||
| 999 | |c 11937 |d 11937 | ||
